header

Analysis of evolutionary processes (Record no. 63241)

MARC details
000 -LEADER
fixed length control field 01598nam a2200385 a 4500
082 04 - DEWEY DECIMAL CLASSIFICATION NUMBER
Classification number 576.8015118
100 1# - MAIN ENTRY--AUTHOR NAME
Personal name Dercole, Fabio.
245 10 - TITLE STATEMENT
Title Analysis of evolutionary processes
260 ## - PUBLICATION, DISTRIBUTION, ETC. (IMPRINT)
Place of publication Princeton :
Name of publisher Princeton University Press,
Year of publication c2008.
300 ## - PHYSICAL DESCRIPTION
Number of Pages xv, 333 p. :
Other physical details ill.
490 1# - SERIES STATEMENT
Series statement Princeton series in theoretical and computational biology
650 #0 - SUBJECT ADDED ENTRY--TOPICAL TERM
Topical Term Evolution (Biology)
Topical Term Population biology
700 1# - ADDED ENTRY--PERSONAL NAME
Personal name Rinaldi, S.
856 40 - ELECTRONIC LOCATION AND ACCESS
Uniform Resource Identifier http://site.ebrary.com/lib/rucke/Doc?id=10312455

No items available.

© 2026 Rongo University
Contact us: librarian | system librarian | Rongo university